| 000 | 00481nam a2200169 i 4500 | ||
|---|---|---|---|
| 001 | 59338 | ||
| 003 | ES-MaACL | ||
| 005 | 20230906164020.0 | ||
| 007 | t| | ||
| 008 | 031028m19671968sp a e |||| | spa d | ||
| 245 | 0 | 0 | _aEnciclopedia Uteha para la juventud. |
| 250 | _a2ª ed. | ||
| 260 |
_aBarcelona : _bMontaner y Simón, _c1967-1968. |
||
| 300 |
_a10 v. : _bil. col. y n. ; _c28 cm. |
||
| 650 |
_aEnciclopedias infantiles y juveniles. _9156655 |
||
| 852 |
_aES-MaACL _jC-37492-501 |
||
| 999 |
_c59338 _d59338 |
||